Statistics for Countries Starting with G and their Capitals

Click here to take the quiz!

General Stats

  • This quiz has been taken 37 times
  • The average score is 19 of 22

Answer Stats

Country% Correct
Guinea
100%
Guinea-Bissau
100%
Grenada
97%
Gabon
94%
Gambia
94%
Ghana
94%
Greece
94%
Guatemala
94%
Georgia
91%
Germany
91%
Guyana
91%
Athens
88%
Berlin
88%
Bissau
84%
Guatemala City
84%
Tbilisi
81%
Accra
78%
Conakry
72%
Georgetown
69%
Saint George's
66%
Banjul
63%
Libreville
56%

Score Distribution

Percentile by Number Answered

Percent of People with Each Score

Your Score History

You have not taken this quiz